LIBRARY & INFORMATION CENTRE, KCAET, TAVANUR

ONLINE PUBLIC ACCESS CATALOGUE (OPAC)

Satyakam Vidyalangar / (Record no. 2548)

MARC details
000 -LEADER
fixed length control field 00425cam a2200181ua 4500
041 ## - LANGUAGE CODE
Language code of text/sound track or separate title hin
082 ## - DEWEY DECIMAL CLASSIFICATION NUMBER
Classification number 891.43
Item number MUK/SA
100 ## - MAIN ENTRY--AUTHOR NAME
Personal name Mukta, .
245 ## - TITLE STATEMENT
Title Satyakam Vidyalangar /
260 ## - PUBLICATION, DISTRIBUTION, ETC. (IMPRINT)
Place of publication :
Name of publisher Hindi Prakatom Butiees ,
Year of publication 1985.
300 ## - PHYSICAL DESCRIPTION
Number of Pages 287 ; .
942 ## - ADDED ENTRY ELEMENTS (KOHA)
Koha item type Books
Holdings
Withdrawn status Lost status Damaged status Home library Current library Date acquired Full call number Accession Number Koha item type Public note
Withdrawn   Damaged KAUAET KAUAET 07/04/2012 891.43 1881 Books  
Withdrawn     KAUAET Sanskrit University 07/04/2012 891.43 6156 Books Transferred to Sanskrit University
free website counter